000 00589nam a22001817a 4500
003 OSt
005 20250726023010.0
008 250726b |||||||| |||| 00| 0 eng d
020 _a978-621-8029-16-3
040 _aDWC-Main Lib
_cOC
082 _aFil. 657.044 M645i 2024
100 _aMillan , Zeus Vernon B.
245 _aIntermediate accounting 1B/
_cZeus Vernon B. Millan
260 _aBaguio City, Philippines :
_bBandolin Enterprise,
_cc2024.
300 _axvi, 530 pages :
_billustrations ;
_c22cm.
504 _aIncludes bibliographic references.
942 _2ddc
_cBK - FIL
_kFil.
_n0
999 _c3836
_d3836